[Event "4NCL Div 1 2018-19"]
[Site "Telford"]
[Date "2019.02.09"]
[Round "5.26"]
[White "Taylor, Martin R"]
[Black "Sreeves, Clement"]
[Result "1/2-1/2"]
[WhiteElo "2337"]
[BlackElo "2358"]
[Annotator "NA"]
[PlyCount "58"]
[EventDate "2018.11.10"]
[EventType "team-tourn"]
[EventCountry "GBR"]
[SourceTitle "playchess.com"]
[Source "ChessBase"]
[SourceQuality "1"]
[TimeControl "40/6000+30:3000+30"]

1. d4 {[%emt 0:00:00]} Nf6 {[%emt 0:00:04]} 2. c4 {[%emt 0:00:00]} g6 {[%emt 0:00:04]} 3. Nc3 {[%emt 0:00:00]} d5 {[%emt 0:00:08]} 4. Nf3 {[%emt 0:00:21]} Bg7 {[%emt 0:00:05]} 5. Qb3 {[%emt 0:00:14]} dxc4 {[%emt 0:00:08]} 6. Qxc4 {[%emt 0:00:07]} O-O {[%emt 0:00:07]} 7. e4 {[%emt 0:00:26]} Nc6 {[%emt 0:00:20]} 8. Be2 {[%emt 0:01:39]} e5 {[%emt 0:07:16]} 9. d5 {[%emt 0:01:31]} Nd4 {[%emt 0:00:07]} 10. Nxd4 {[%emt 0:02:02]} exd4 {[%emt 0:00:11]} 11. Qxd4 {[%emt 0:00:12]} c6 {[%emt 0:00:12]} 12. Qc4 {[%emt 0:03:15]} cxd5 {[%emt 0:00:36]} 13. exd5 {[%emt 0:00:59]} b5 {[%emt 0:00:20]} 14. Qxb5 {[%emt 0:11:20]} a5 {[%emt 0:00:15]} 15. Qb3 {[%emt 0:17:00]} Re8 {[%emt 0:13:39]} 16. O-O {[%emt 0:05:45]} a4 {[%emt 0:03:03]} 17. Qd1 {[%emt 0:11:26]} a3 {[%emt 0:13:48]} 18. Rb1 {[%emt 0:08:26]} Nxd5 {[%emt 0:23:04]} 19. Qxd5 {[%emt 0:23:47]} Qxd5 {[%emt 0:00:27]} 20. Nxd5 {[%emt 0:00:05]} Rxe2 {[%emt 0:09:25]} 21. bxa3 {[%emt 0:05:20]} Bf5 {[%emt 0:00:38]} 22. Rb3 {[%emt 0:04:42]} Bd4 {[%emt 0:09:46]} 23. Be3 {[%emt 0:04:10]} Bxe3 {[%emt 0:02:43]} 24. Rxe3 {[%emt 0:03:34]} Rxe3 {[%emt 0:13:15]} 25. Nxe3 {[%emt 0:00:08]} Bd3 {[%emt 0:05:25]} 26. Rd1 {[%emt 0:01:43]} Rxa3 {[%emt 0:00:00]} 27. h3 {[%emt 0:01:35]} Kg7 {[%emt 0:00:59]} 28. Kh2 {[%emt 0:02:40]} Kf6 {[%emt 0:00:25]} 29. Rd2 {[%emt 0:01:13]} Ke5 {[%emt 0:00:39]} 1/2-1/2

[Event "4NCL Div 1 2018-19"]
[Site "Telford"]
[Date "2019.02.09"]
[Round "5.26"]
[White "Derakhshani, Borna"]
[Black "Szczepkowska, Karina"]
[Result "1/2-1/2"]
[WhiteElo "2324"]
[BlackElo "2404"]
[Annotator "ChessBase"]
[PlyCount "97"]
[EventDate "2018.11.10"]
[EventType "team-tourn"]
[EventCountry "GBR"]
[SourceTitle "playchess.com"]
[Source "ChessBase"]
[SourceQuality "1"]
[TimeControl "40/6000+30:3000+30"]

1. Nf3 {[%emt 0:00:00]} Nf6 {[%emt 0:00:28]} 2. d4 {[%emt 0:00:00]} d5 {[%emt 0:00:57]} 3. Bf4 {[%emt 0:00:12]} c5 {[%emt 0:01:05]} 4. e3 {[%emt 0:01:42]} Nc6 {[%emt 0:01:24]} 5. c3 {[%emt 0:00:12]} Qb6 {[%emt 0:03:05]} 6. Qb3 {[%emt 0:00:09]} c4 {[%emt 0:00:44]} 7. Qc2 {[%emt 0:00:07]} Bf5 {[%emt 0:02:22]} 8. Qc1 {[%emt 0:00:04]} Nh5 {[%emt 0:01:00]} 9. Be5 {[%emt 0:04:14]} f6 {[%emt 0:08:57]} 10. Bg3 {[%emt 0:00:08]} g5 {[%emt 0:07:53]} 11. Nbd2 {[%emt 0:01:24]} Nxg3 {[%emt 0:02:34]} 12. hxg3 {[%emt 0:00:05]} Qc7 {[%emt 0:01:05]} 13. Be2 {[%emt 0:01:04]} O-O-O {[%emt 0:07:19]} 14. b3 {[%emt 0:04:47]} cxb3 {[%emt 0:02:57]} 15. axb3 {[%emt 0:01:08]} Kb8 {[%emt 0:01:50]} 16. b4 {[%emt 0:01:48]} e6 {[%emt 0:07:54]} 17. Nb3 {[%emt 0:01:23]} b6 {[%emt 0:00:38]} 18. Qb2 {[%emt 0:07:39]} h5 {[%emt 0:04:38]} 19. g4 {[%emt 0:18:51]} Be4 {[%emt 0:17:42]} 20. b5 {[%emt 0:08:55]} Ne7 {[%emt 0:01:41]} 21. Nbd2 {[%emt 0:00:13]} Bg6 {[%emt 0:05:38]} 22. gxh5 {[%emt 0:04:15]} g4 {[%emt 0:06:56]} 23. Nh4 {[%emt 0:00:15]} Bxh5 {[%emt 0:00:31]} 24. g3 {[%emt 0:00:22]} f5 {[%emt 0:05:28]} 25. Ng2 {[%emt 0:02:43]} Bg7 {[%emt 0:02:53]} 26. Nf4 {[%emt 0:00:23]} Bf7 {[%emt 0:00:11]} 27. Rxh8 {[%emt 0:00:54]} Rxh8 {[%emt 0:00:06]} 28. Nd3 {[%emt 0:00:26]} Be8 {[%emt 0:02:36]} 29. Nb4 {[%emt 0:01:55]} Qb7 {[%emt 0:02:08]} 30. Qa3 {[%emt 0:09:27]} Nc8 {[%emt 0:01:25]} 31. Qa4 {[%emt 0:01:19]} Bf8 {[%emt 0:03:48]} 32. Nc6+ {[%emt 0:01:34]} Bxc6 {[%emt 0:00:48]} 33. bxc6 {[%emt 0:00:02]} Qc7 {[%emt 0:00:58]} 34. Ba6 {[%emt 0:06:10]} Bd6 {[%emt 0:04:15]} 35. Bxc8 {[%emt 0:01:58]} Rxc8 {[%emt 0:00:22]} 36. c4 {[%emt 0:00:02]} Ka8 {[%emt 0:01:42]} 37. Ke2 {[%emt 0:05:51]} Qh7 {[%emt 0:00:39]} 38. Rb1 {[%emt 0:03:35]} Rb8 {[%emt 0:01:01]} 39. Qa2 {[%emt 0:01:58]} Qf7 {[%emt 0:01:02]} 40. Rb5 {[%emt 0:00:34]} dxc4 {[%emt 0:00:40]} 41. Nxc4 {[%emt 0:50:42]} Qc7 {[%emt 0:04:08]} 42. d5 {[%emt 0:00:00]} Bc5 {[%emt 0:02:11]} 43. Na5 {[%emt 0:00:00]} Rd8 {[%emt 0:12:40]} 44. dxe6 {[%emt 0:00:00]} Qd6 {[%emt 0:05:02]} 45. Qc2 {[%emt 0:00:00]} Qd5 {[%emt 0:06:27]} 46. Nb7 {[%emt 0:00:00]} Qf3+ {[%emt 0:16:02]} 47. Ke1 {[%emt 0:00:00]} Qh1+ {[%emt 0:06:14]} 48. Ke2 {[%emt 0:00:00]} Qf3+ {[%emt 0:00:19]} 49. Ke1 {[%emt 0:00:00]} 1/2-1/2

[Event "4NCL Div 1 2018-19"]
[Site "Telford"]
[Date "2019.02.09"]
[Round "5.26"]
[White "Derakhshani, Borna"]
[Black "Szczepkowska, Karina"]
[Result "*"]
[WhiteElo "2324"]
[BlackElo "2404"]
[Annotator "NA"]
[PlyCount "33"]
[EventDate "2018.11.10"]
[EventType "team-tourn"]
[EventCountry "GBR"]
[SourceTitle "playchess.com"]
[Source "ChessBase"]
[SourceQuality "1"]
[TimeControl "40/6000+30:3000+30"]

1. e4 {[%emt 0:00:10]} c5 {[%emt 0:00:00]} 2. Nf3 {[%emt 0:01:06]} d6 {[%emt 0:00:03]} 3. d4 {[%emt 0:02:48]} cxd4 {[%emt 0:00:07]} 4. Nxd4 {[%emt 0:00:04]} Nf6 {[%emt 0:00:07]} 5. Nc3 {[%emt 0:00:04]} Nc6 {[%emt 0:00:05]} 6. Bg5 {[%emt 0:00:06]} Bd7 {[%emt 0:00:25]} 7. Qd2 {[%emt 0:05:01]} Rc8 {[%emt 0:01:21]} 8. O-O-O {[%emt 0:05:22]} Nxd4 {[%emt 0:00:54]} 9. Qxd4 {[%emt 0:04:01]} Qa5 10. Bxf6 {[%emt 0:19:26]} gxf6 {[%emt 0:00:12]} 11. f4 {[%emt 0:01:05]} Bg7 {[%emt 0:21:00]} 12. Kb1 {[%emt 0:02:04]} Qc5 {[%emt 0:00:27]} 13. f5 {[%emt 0:01:22]} Bh6 {[%emt 0:07:25]} 14. Qxc5 Rxc5 {[%emt 0:03:36]} 15. Nd5 {[%emt 0:02:36]} Rc8 {[%emt 0:08:07]} 16. Be2 {[%emt 0:06:57]} Bc6 {[%emt 0:08:10]} 17. Rhf1 {[%emt 0:00:43]} *

[Event "4NCL Div 1 2018-19"]
[Site "Telford"]
[Date "2019.02.09"]
[Round "5.27"]
[White "Kulon, Klaudia"]
[Black "De Verdier, Michael"]
[Result "1-0"]
[WhiteElo "2327"]
[BlackElo "2311"]
[Annotator "NA"]
[PlyCount "71"]
[EventDate "2018.11.10"]
[EventType "team-tourn"]
[EventCountry "GBR"]
[SourceTitle "playchess.com"]
[Source "ChessBase"]
[SourceQuality "1"]
[TimeControl "40/6000+30:3000+30"]

1. c4 {[%emt 0:00:00]} e6 {[%emt 0:00:00]} 2. g3 {[%emt 0:00:00]} d5 {[%emt 0:00:24]} 3. Bg2 {[%emt 0:00:00]} Nf6 {[%emt 0:00:15]} 4. Nf3 {[%emt 0:00:00]} dxc4 {[%emt 0:00:07]} 5. Na3 {[%emt 0:00:13]} Bxa3 {[%emt 0:01:14]} 6. bxa3 {[%emt 0:00:03]} Nbd7 {[%emt 0:00:38]} 7. Qc2 {[%emt 0:03:23]} O-O {[%emt 0:03:24]} 8. O-O {[%emt 0:14:45]} c5 {[%emt 0:06:06]} 9. Qxc4 {[%emt 0:04:22]} b6 {[%emt 0:03:39]} 10. Bb2 {[%emt 0:08:11]} Bb7 {[%emt 0:00:36]} 11. Rfd1 {[%emt 0:00:29]} Rc8 {[%emt 0:06:31]} 12. d3 {[%emt 0:03:19]} Qe7 {[%emt 0:15:16]} 13. Qa4 {[%emt 0:06:17]} a6 {[%emt 0:08:48]} 14. Rab1 {[%emt 0:02:01]} Nd5 {[%emt 0:08:18]} 15. Qg4 {[%emt 0:06:29]} f6 {[%emt 0:06:19]} 16. e4 {[%emt 0:10:20]} Nc7 {[%emt 0:01:38]} 17. d4 {[%emt 0:03:18]} cxd4 {[%emt 0:07:52]} 18. Bxd4 {[%emt 0:03:25]} Nb5 {[%emt 0:02:23]} 19. a4 {[%emt 0:02:58]} Na3 {[%emt 0:09:33]} 20. Rb3 {[%emt 0:03:00]} Nc4 {[%emt 0:00:13]} 21. Bf1 {[%emt 0:01:37]} Kh8 {[%emt 0:06:50]} 22. Bc3 {[%emt 0:03:03]} Rfd8 {[%emt 0:04:37]} 23. Bb4 {[%emt 0:09:47]} Qe8 {[%emt 0:01:37]} 24. Nd4 {[%emt 0:04:06]} Nde5 {[%emt 0:02:00]} 25. Qe2 {[%emt 0:00:20]} b5 {[%emt 0:03:41]} 26. axb5 {[%emt 0:00:43]} axb5 {[%emt 0:00:01]} 27. f4 {[%emt 0:03:01]} Nf7 {[%emt 0:02:41]} 28. Bh3 {[%emt 0:00:37]} Ra8 {[%emt 0:02:26]} 29. Nxe6 {[%emt 0:03:26]} Rxd1+ 30. Qxd1 {[%emt 0:00:01]} Bxe4 {[%emt 0:02:27]} 31. Bf8 {[%emt 0:02:39]} f5 {[%emt 0:02:20]} 32. Qd4 {[%emt 0:00:19]} Nce5 {[%emt 0:02:33]} 33. Bxg7+ {[%emt 0:01:38]} Kg8 {[%emt 0:00:00]} 34. Bxe5 {[%emt 0:00:13]} Rxa2 {[%emt 0:01:57]} 35. Bh8 {[%emt 0:00:41]} Nxh8 {[%emt 0:00:34]} 36. Qg7# {[%emt 0:00:03]} 1-0

[Event "4NCL Div 1 2018-19"]
[Site "Telford"]
[Date "2019.02.09"]
[Round "5.27"]
[White "McKay, Roderick M"]
[Black "D'Costa, Lorin A R"]
[Result "1-0"]
[WhiteElo "2309"]
[BlackElo "2402"]
[Annotator "NA"]
[PlyCount "65"]
[EventDate "2018.11.10"]
[EventType "team-tourn"]
[EventCountry "GBR"]
[SourceTitle "playchess.com"]
[Source "ChessBase"]
[SourceQuality "1"]
[TimeControl "40/6000+30:3000+30"]

1. d4 {[%emt 0:00:00]} Nf6 {[%emt 0:12:20]} 2. Nf3 {[%emt 0:00:29]} e6 {[%emt 0:00:47]} 3. a3 {[%emt 0:00:21]} b6 {[%emt 0:01:40]} 4. Bg5 {[%emt 0:09:53]} Bb7 {[%emt 0:00:34]} 5. Nbd2 {[%emt 0:04:49]} h6 {[%emt 0:02:31]} 6. Bxf6 {[%emt 0:01:34]} Qxf6 {[%emt 0:00:18]} 7. e3 {[%emt 0:00:50]} g6 {[%emt 0:13:45]} 8. Bd3 {[%emt 0:01:51]} Bg7 {[%emt 0:09:12]} 9. Qe2 {[%emt 0:01:12]} Qe7 {[%emt 0:02:05]} 10. c3 {[%emt 0:05:18]} d6 {[%emt 0:02:19]} 11. h4 {[%emt 0:01:49]} a6 {[%emt 0:02:14]} 12. O-O-O {[%emt 0:06:44]} Nd7 {[%emt 0:02:39]} 13. Be4 {[%emt 0:04:09]} c6 {[%emt 0:03:16]} 14. Bc2 {[%emt 0:05:00]} b5 {[%emt 0:01:22]} 15. e4 {[%emt 0:09:55]} c5 {[%emt 0:16:21]} 16. Nb3 {[%emt 0:02:23]} Rc8 {[%emt 0:02:25]} 17. dxc5 {[%emt 0:09:35]} dxc5 {[%emt 0:06:56]} 18. h5 {[%emt 0:03:05]} g5 {[%emt 0:00:55]} 19. e5 {[%emt 0:06:05]} Bd5 {[%emt 0:16:33]} 20. Rhe1 {[%emt 0:10:33]} Nb6 {[%emt 0:03:44]} 21. Nbd2 {[%emt 0:01:21]} Nc4 {[%emt 0:04:09]} 22. Nxc4 {[%emt 0:00:41]} Bxc4 {[%emt 0:00:06]} 23. Qe3 {[%emt 0:05:57]} b4 {[%emt 0:01:04]} 24. Qe4 {[%emt 0:07:15]} Bb5 {[%emt 0:00:28]} 25. Rd6 {[%emt 0:00:29]} bxa3 {[%emt 0:00:57]} 26. bxa3 {[%emt 0:01:21]} Qc7 {[%emt 0:01:23]} 27. Red1 {[%emt 0:01:12]} Ke7 {[%emt 0:00:56]} 28. Qg4 {[%emt 0:04:33]} Rhd8 {[%emt 0:01:26]} 29. Nxg5 {[%emt 0:01:06]} Bxe5 {[%emt 0:00:41]} 30. Rxe6+ {[%emt 0:00:23]} fxe6 {[%emt 0:00:36]} 31. Qxe6+ {[%emt 0:01:32]} Kf8 {[%emt 0:00:04]} 32. Qxh6+ {[%emt 0:00:33]} Ke7 {[%emt 0:01:37]} 33. Qh7+ {[%emt 0:00:30]} 1-0

[Event "4NCL Div 1 2018-19"]
[Site "Telford"]
[Date "2019.02.09"]
[Round "5.28"]
[White "Sowray, Peter J"]
[Black "Morrison, Graham"]
[Result "1-0"]
[WhiteElo "2353"]
[BlackElo "2300"]
[Annotator "NA"]
[PlyCount "73"]
[EventDate "2018.11.10"]
[EventType "team-tourn"]
[EventCountry "GBR"]
[SourceTitle "playchess.com"]
[Source "ChessBase"]
[SourceQuality "1"]
[TimeControl "40/6000+30:3000+30"]

1. d4 {[%emt 0:00:00]} Nf6 {[%emt 0:00:00]} 2. c4 {[%emt 0:00:00]} e6 {[%emt 0:00:00]} 3. Nc3 {[%emt 0:00:00]} Bb4 {[%emt 0:00:12]} 4. e3 {[%emt 0:00:00]} O-O {[%emt 0:00:31]} 5. Nge2 {[%emt 0:00:00]} Re8 {[%emt 0:00:50]} 6. a3 {[%emt 0:00:07]} Bf8 {[%emt 0:00:09]} 7. d5 {[%emt 0:00:07]} a5 {[%emt 0:00:41]} 8. Nd4 {[%emt 0:00:05]} Na6 {[%emt 0:02:20]} 9. Bd3 {[%emt 0:00:35]} Nc5 {[%emt 0:04:38]} 10. Bc2 {[%emt 0:00:35]} d6 {[%emt 0:07:32]} 11. b3 {[%emt 0:09:15]} Bd7 {[%emt 0:03:53]} 12. O-O {[%emt 0:04:31]} exd5 {[%emt 0:14:37]} 13. cxd5 {[%emt 0:00:32]} c6 {[%emt 0:04:19]} 14. Bb2 {[%emt 0:09:44]} Qb6 {[%emt 0:06:39]} 15. Qf3 {[%emt 0:09:32]} Re5 {[%emt 0:08:30]} 16. dxc6 {[%emt 0:15:33]} bxc6 {[%emt 0:00:19]} 17. h3 {[%emt 0:00:48]} Rae8 {[%emt 0:05:13]} 18. Rad1 {[%emt 0:06:31]} d5 {[%emt 0:00:47]} 19. Nce2 {[%emt 0:09:31]} Nce4 {[%emt 0:06:15]} 20. Ng3 {[%emt 0:05:39]} Nxg3 {[%emt 0:03:00]} 21. Qxg3 {[%emt 0:00:06]} Ne4 {[%emt 0:01:15]} 22. Qf3 {[%emt 0:07:52]} g6 {[%emt 0:12:33]} 23. Qe2 {[%emt 0:07:20]} Bg7 {[%emt 0:02:09]} 24. Bxe4 {[%emt 0:05:30]} Rxe4 {[%emt 0:00:52]} 25. Qc2 {[%emt 0:00:19]} c5 {[%emt 0:10:35]} 26. Ne2 {[%emt 0:02:19]} Bxb2 {[%emt 0:00:25]} 27. Qxb2 {[%emt 0:00:47]} Bc6 {[%emt 0:03:49]} 28. Rd2 {[%emt 0:04:28]} Bb5 {[%emt 0:05:13]} 29. Nc3 {[%emt 0:02:21]} Bxf1 {[%emt 0:00:35]} 30. Nxd5 {[%emt 0:00:48]} Qc6 {[%emt 0:02:18]} 31. Nf6+ {[%emt 0:01:03]} Kf8 {[%emt 0:00:12]} 32. Kxf1 {[%emt 0:02:27]} h5 {[%emt 0:01:57]} 33. Qc3 {[%emt 0:01:30]} Qb5+ {[%emt 0:00:47]} 34. Kg1 {[%emt 0:00:22]} R4e6 {[%emt 0:01:10]} 35. Nxe8 {[%emt 0:00:44]} Rxe8 {[%emt 0:00:11]} 36. Rd5 {[%emt 0:01:14]} Rb8 {[%emt 0:01:21]} 37. Rxc5 {[%emt 0:00:22]} 1-0

[Event "4NCL Div 1 2018-19"]
[Site "Telford"]
[Date "2019.02.09"]
[Round "5.28"]
[White "Weaving, Richard"]
[Black "Maurizzi, Marc Andria"]
[Result "1-0"]
[WhiteElo "2322"]
[BlackElo "2268"]
[Annotator "NA"]
[PlyCount "79"]
[EventDate "2018.11.10"]
[EventType "team-tourn"]
[EventCountry "GBR"]
[SourceTitle "playchess.com"]
[Source "ChessBase"]
[SourceQuality "1"]
[TimeControl "40/6000+30:3000+30"]

1. e4 {[%emt 0:08:00]} e6 {[%emt 0:00:00]} 2. d4 {[%emt 0:00:16]} d5 {[%emt 0:00:00]} 3. Nd2 {[%emt 0:00:06]} c5 {[%emt 0:00:00]} 4. exd5 {[%emt 0:01:01]} Qxd5 {[%emt 0:00:31]} 5. dxc5 {[%emt 0:00:41]} Nf6 {[%emt 0:01:32]} 6. Ngf3 {[%emt 0:00:55]} Qxc5 {[%emt 0:00:56]} 7. Bd3 {[%emt 0:05:24]} Nbd7 {[%emt 0:05:27]} 8. O-O {[%emt 0:02:08]} Be7 {[%emt 0:00:19]} 9. Qe2 {[%emt 0:05:07]} Qc7 {[%emt 0:09:40]} 10. Nb3 {[%emt 0:04:35]} O-O {[%emt 0:01:30]} 11. Re1 {[%emt 0:02:07]} b6 {[%emt 0:01:56]} 12. Nbd4 {[%emt 0:05:41]} Nc5 {[%emt 0:18:21]} 13. Bc4 {[%emt 0:05:17]} a6 {[%emt 0:18:19]} 14. a4 {[%emt 0:08:45]} Bb7 {[%emt 0:07:05]} 15. Bg5 {[%emt 0:21:12]} Nd5 {[%emt 0:03:33]} 16. Bxe7 {[%emt 0:05:54]} Qxe7 {[%emt 0:00:27]} 17. Qe5 {[%emt 0:04:22]} Qf6 {[%emt 0:06:19]} 18. Bxd5 {[%emt 0:07:39]} Bxd5 {[%emt 0:01:50]} 19. b4 {[%emt 0:01:23]} Nd7 {[%emt 0:03:33]} 20. Qd6 {[%emt 0:00:41]} Rfd8 {[%emt 0:05:33]} 21. c4 {[%emt 0:05:12]} Nf8 {[%emt 0:04:22]} 22. Qxb6 {[%emt 0:01:43]} Bxc4 {[%emt 0:00:52]} 23. Nc6 {[%emt 0:01:25]} Rdc8 {[%emt 0:08:15]} 24. Qc5 {[%emt 0:02:39]} Rxc6 {[%emt 0:05:53]} 25. Qxc6 {[%emt 0:00:06]} Bd5 {[%emt 0:00:05]} 26. Qc7 {[%emt 0:01:56]} Bxf3 {[%emt 0:01:23]} 27. gxf3 {[%emt 0:00:07]} Ng6 {[%emt 0:01:03]} 28. Rac1 {[%emt 0:03:34]} h5 {[%emt 0:00:25]} 29. Qb7 {[%emt 0:02:48]} Rd8 {[%emt 0:03:00]} 30. Red1 {[%emt 0:01:34]} Rxd1+ {[%emt 0:02:14]} 31. Rxd1 {[%emt 0:00:04]} Nf4 {[%emt 0:00:29]} 32. Kh1 {[%emt 0:00:49]} Nd5 {[%emt 0:00:07]} 33. Qb8+ {[%emt 0:01:13]} Kh7 {[%emt 0:00:01]} 34. Qg3 {[%emt 0:01:09]} Nxb4 {[%emt 0:00:25]} 35. f4 {[%emt 0:00:46]} Nd5 {[%emt 0:00:27]} 36. Qg5 {[%emt 0:00:36]} Qxg5 {[%emt 0:01:27]} 37. fxg5 {[%emt 0:00:05]} Kg6 {[%emt 0:00:39]} 38. Rc1 {[%emt 0:01:05]} a5 {[%emt 0:00:20]} 39. Rc5 {[%emt 0:00:26]} Nb6 {[%emt 0:00:05]} 40. Rxa5 {[%emt 0:00:14]} 1-0

[Event "4NCL Div 1 2018-19"]
[Site "Telford"]
[Date "2019.02.09"]
[Round "5.29"]
[White "Reimanis, Ritvars"]
[Black "Stepanyan, Henrik"]
[Result "1-0"]
[WhiteElo "2324"]
[BlackElo "2158"]
[Annotator "ChessBase"]
[PlyCount "167"]
[EventDate "2018.11.10"]
[EventType "team-tourn"]
[EventCountry "GBR"]
[SourceTitle "playchess.com"]
[Source "ChessBase"]
[SourceQuality "1"]
[TimeControl "40/6000+30:3000+30"]

1. d4 {[%emt 0:00:04]} d5 {[%emt 0:00:00]} 2. c4 {[%emt 0:00:04]} e6 {[%emt 0:00:00]} 3. Nc3 {[%emt 0:00:14]} c5 {[%emt 0:01:06]} 4. cxd5 {[%emt 0:00:06]} exd5 {[%emt 0:00:02]} 5. Nf3 {[%emt 0:00:05]} Nc6 {[%emt 0:00:02]} 6. g3 {[%emt 0:00:08]} Nf6 {[%emt 0:00:02]} 7. Bg2 {[%emt 0:00:06]} Be7 {[%emt 0:00:01]} 8. O-O {[%emt 0:00:19]} O-O {[%emt 0:00:03]} 9. Bg5 {[%emt 0:00:04]} c4 {[%emt 0:00:04]} 10. b3 {[%emt 0:09:49]} Qa5 {[%emt 0:02:04]} 11. Rc1 {[%emt 0:00:20]} Rd8 {[%emt 0:34:51]} 12. Bxf6 {[%emt 0:06:18]} Bxf6 {[%emt 0:00:15]} 13. e3 {[%emt 0:01:51]} Bf5 {[%emt 0:10:52]} 14. Ne1 {[%emt 0:13:31]} Rac8 {[%emt 0:12:25]} 15. bxc4 {[%emt 0:20:44]} dxc4 {[%emt 0:00:05]} 16. Ne4 {[%emt 0:06:18]} Bxe4 {[%emt 0:10:07]} 17. Bxe4 {[%emt 0:00:06]} Qxa2 {[%emt 0:00:03]} 18. Ra1 {[%emt 0:07:52]} Qb3 {[%emt 0:13:00]} 19. Qxb3 {[%emt 0:06:31]} cxb3 {[%emt 0:00:02]} 20. Nf3 {[%emt 0:00:53]} b2 {[%emt 0:21:25]} 21. Ra2 {[%emt 0:04:14]} b6 {[%emt 0:00:40]} 22. Rxb2 {[%emt 0:01:20]} Na5 {[%emt 0:00:11]} 23. Bf5 {[%emt 0:06:19]} Rc3 {[%emt 0:00:43]} 24. Nd2 {[%emt 0:00:07]} Nc4 {[%emt 0:01:20]} 25. Nxc4 {[%emt 0:00:06]} Rxc4 {[%emt 0:00:00]} 26. Ra1 {[%emt 0:00:19]} g6 {[%emt 0:01:31]} 27. Bh3 {[%emt 0:02:18]} Rc7 {[%emt 0:00:52]} 28. Ra6 {[%emt 0:00:01]} Rb8 {[%emt 0:01:35]} 29. Rba2 {[%emt 0:00:22]} Be7 {[%emt 0:00:36]} 30. Rxa7 {[%emt 0:00:25]} Rxa7 {[%emt 0:00:01]} 31. Rxa7 {[%emt 0:00:07]} Kf8 {[%emt 0:00:29]} 32. Bg2 {[%emt 0:00:18]} b5 {[%emt 0:00:32]} 33. Bd5 {[%emt 0:00:05]} b4 {[%emt 0:00:03]} 34. Bb3 {[%emt 0:00:07]} Rc8 {[%emt 0:00:00]} 35. Rb7 {[%emt 0:00:11]} Rc3 {[%emt 0:00:22]} 36. Bd5 {[%emt 0:00:41]} h6 {[%emt 0:00:52]} 37. h4 {[%emt 0:02:05]} Rc1+ {[%emt 0:00:40]} 38. Kg2 {[%emt 0:00:06]} Rc2 {[%emt 0:00:03]} 39. Kf3 {[%emt 0:01:04]} h5 {[%emt 0:01:18]} 40. e4 {[%emt 0:10:37]} Rc3+ {[%emt 0:00:48]} 41. Ke2 {[%emt 0:52:06]} Rc2+ {[%emt 0:50:35]} 42. Ke3 {[%emt 0:00:06]} Rc3+ {[%emt 0:00:36]} 43. Kd2 {[%emt 0:00:17]} Rf3 {[%emt 0:00:26]} 44. Ke2 {[%emt 0:00:20]} Rc3 {[%emt 0:00:02]} 45. e5 {[%emt 0:00:28]} Rc2+ {[%emt 0:00:16]} 46. Ke3 {[%emt 0:00:12]} Rc3+ {[%emt 0:00:02]} 47. Kd2 {[%emt 0:05:46]} Ra3 {[%emt 0:01:22]} 48. Rb8+ {[%emt 0:07:43]} Kg7 {[%emt 0:00:04]} 49. Bc4 {[%emt 0:00:00]} Rc3 {[%emt 0:00:00]} 50. Bd3 {[%emt 0:00:00]} Ra3 {[%emt 0:00:00]} 51. d5 {[%emt 0:00:00]} Bc5 {[%emt 0:00:00]} 52. d6 {[%emt 0:00:00]} Ra2+ {[%emt 0:00:00]} 53. Kd1 {[%emt 0:00:00]} Ra1+ {[%emt 0:00:00]} 54. Kc2 {[%emt 0:00:00]} Ra2+ {[%emt 0:00:00]} 55. Kb1 {[%emt 0:00:00]} Ra7 {[%emt 0:00:00]} 56. f4 {[%emt 0:00:00]} Bf2 {[%emt 0:00:00]} 57. Bb5 {[%emt 0:00:00]} b3 {[%emt 0:00:00]} 58. Bc6 {[%emt 0:00:00]} Bxg3 {[%emt 0:00:00]} 59. d7 {[%emt 0:00:00]} Bxh4 {[%emt 0:00:00]} 60. d8=Q {[%emt 0:00:00]} Bxd8 {[%emt 0:00:00]} 61. Rxd8 {[%emt 0:00:00]} Ra6 {[%emt 0:00:00]} 62. Bd5 {[%emt 0:02:36]} Ra4 {[%emt 0:00:00]} 63. Rd7 {[%emt 0:00:08]} Rxf4 {[%emt 0:00:00]} 64. Bxf7 {[%emt 0:01:46]} h4 {[%emt 0:00:00]} 65. Bxb3+ {[%emt 0:00:10]} Kh6 {[%emt 0:00:00]} 66. Rd3 {[%emt 0:00:36]} Re4 {[%emt 0:00:00]} 67. e6 {[%emt 0:00:26]} g5 {[%emt 0:00:00]} 68. Rd8 {[%emt 0:00:07]} g4 {[%emt 0:00:00]} 69. Kc2 {[%emt 0:01:59]} g3 {[%emt 0:00:00]} 70. Rg8 {[%emt 0:01:34]} Kh7 {[%emt 0:00:00]} 71. Rg5 {[%emt 0:00:24]} Kh6 {[%emt 0:00:00]} 72. Rg8 {[%emt 0:00:00]} Kh7 {[%emt 0:00:00]} 73. Kd3 {[%emt 0:01:59]} Rb4 {[%emt 0:00:00]} 74. Bd5 {[%emt 0:00:31]} Rb5 {[%emt 0:00:00]} 75. Bc4 {[%emt 0:00:48]} Re5 {[%emt 0:00:00]} 76. Rg4 {[%emt 0:00:10]} Kh6 {[%emt 0:00:00]} 77. Rxh4+ {[%emt 0:00:23]} Kg5 {[%emt 0:00:00]} 78. Rh8 {[%emt 0:00:26]} Kf4 {[%emt 0:00:00]} 79. Rf8+ {[%emt 0:00:42]} Kg4 {[%emt 0:00:00]} 80. Kd4 {[%emt 0:00:17]} Re1 {[%emt 0:00:00]} 81. Bd5 {[%emt 0:00:11]} Rd1+ {[%emt 0:00:00]} 82. Ke5 {[%emt 0:00:06]} Re1+ {[%emt 0:00:00]} 83. Be4 {[%emt 0:00:09]} Kh3 {[%emt 0:00:00]} 84. Rh8+ {[%emt 0:00:05]} 1-0